Großstadt - Sudden Death - Statistiken

Allgemein
  • Dieses Quiz wurde 203 mal gespielt
  • Das Durchschnittsergebnis liegt bei 7 aus 15
Answers on the Grid
Answers color-coded by a green-red scale on the quiz's grid according to % correct below.
Baden-Baden
Bamberg
Bergisch Gladbach
Bottrop
Bremerhaven
Cottbus
Dessau-Roßlau
Eisenach
Erlangen
Flensburg
Iserlohn
Jena
Lüneburg
Moers
Offenbach am Main
Passau
Pforzheim
Recklinghausen
Remscheid
Reutlingen
Rosenheim
Salzgitter
Schwerin
Solingen
Trier
Wesel
Wilhelmshaven
Wolfsburg
Worms
Zwickau
 
Antwortstatistiken
Antwort % Korrekt
Wolfsburg
69%
Bremerhaven
53%
Offenbach am Main
49%
Bergisch Gladbach
48%
Recklinghausen
47%
Remscheid
46%
Trier
46%
Salzgitter
45%
Erlangen
43%
Bottrop
41%
Pforzheim
40%
Jena
37%
Solingen
36%
Reutlingen
33%
Moers
32%
Keine übereinstimmenden Quizze gefunden
Verteilung der Resultate
Anzahl Personen mit jedem Resultat
Perzentil nach korrekt beantworteten Fragen
Ihre Resultats-Entwicklung
Sie haben dieses Quiz noch nicht gespielt